| 000 | 01108nam0a2200265 4500 | ||
|---|---|---|---|
| 001 | RU\NLR\BIBL_A\016362436 | ||
| 005 | 20250625054713.0 | ||
| 035 | _a(NLR Aleph) 016362436 | ||
| 090 |
_a13155991 _c13155991 |
||
| 100 | _a20230504d1908 |||y0rusy50 ca | ||
| 101 | 0 | _arus | |
| 102 | _aRU | ||
| 105 | _aac z 000zb | ||
| 181 | 0 |
_ai _baxxe |
|
| 182 | 0 | _an | |
| 200 | 1 |
_aЭпидемия холеры в г. Самаре в 1907 году и борьба с ней _e(отчет заведующего Временным городским санитарным бюро и уполномоченного Городской санитарно-исполнительной комиссии) _fврач М. М. Гран |
|
| 203 |
_aТекст _bвизуальный _cнепосредственный |
||
| 210 |
_aКазань _cТипография Д. М. Гран _d1908 |
||
| 215 |
_a181 с. _cтабл. _d24 |
||
| 700 | 1 |
_aГран _bМ. М. _f1867-1940 _gМоисей Маркович |
|
| 852 |
_aNLR _j37.2.4.25 |
||
| 942 | _cBOOK | ||
| 980 | _aNB | ||